01501nam a2200409 i 450000100060000000300080000600500170001400600190003100700150005000800410006503500230010603500240012903500250015303500210017804000310019905000200023008000080025008200120025811000190027024500700028926400490035930000390040833600310044733700330047833800430051149000360055450000230059058801250061359001640073865000130090265000140091565500270092979700190095683000370097585600620101299900170107453918FlNmELB20241216232520.0m o d | cr cnu||||||||140901s2014 ag o 001 0 spa d a(MiAaPQ)EBC3219372 a(Au-PeEL)EBL3219372 a(CaPaEBR)ebr10853558 a(OCoLC)992117133 aFINmELBbspaerdacFINmELB 4aQC23bC622 2014 a5310 a5302232 aEl Cid Editor.10aCálculo de coeficientes de temperatura /ceditor El Cid Editor. 1aCórdoba :bEl Cid Editor / apuntes,c2014. a1 recurso en línea (5 páginas) atextobtxt2rdacontent/spa acomputadorabc2rdamedia/spa arecurso en líneabcr2rdacarrier/spa1 aPrácticas de Física General aContiene índice. aDescripción basada en recurso en línea; Título de la página del título en PDF (e-libro, visto August 1, 2014). aRecurso electrónico. Santa Fe, Arg.: e-libro, 2015. Disponible vía World Wide Web. El acceso puede estar limitado para las bibliotecas afiliadas a e-libro. 0aPhysics. 4aFísica. 4aLibros electrónicos.2 ae-libro, Corp. 0aPrácticas de Física General.40uhttps://elibro.net/ereader/politecnicointernacional/30555 c53918d53918